000 00674nam a2200229Ia 4500
003 OSt
005 20220918221500.0
006 a|||||r|||| 00| 0
007 ta
008 220917b |||||||| |||| 00| 0 eng d
024 _a187,203
037 _cTextual
040 _aARTS
_cARTS
_beng
041 _2eng
_aeng
082 _aY:5:(L:5):49G, P1 (SC)
100 _aGuha Sumit
_9103321
245 0 _aHealth and population in South Asia
_b from earlier times to the present Sumit Guha
260 _aNew Delhi
_bPermanent Black
_c2001
300 _avi,178 p
_ccm.
942 _hY:5:(L:5):49G, P1 (SC)
_cTEXL
_2CC
999 _c272651
_d272651